[Event "Gothenburg Manhem"]
[Site "Gothenburg"]
[Date "2023.08.09"]
[Round "7"]
[White "Ustianovich, Nazar"]
[Black "Berggren Torell, Harald"]
[Result "1-0"]
[WhiteElo "2314"]
[BlackElo "2061"]
[PlyCount "31"]
[EventDate "2023.08.05"]
[EventType "tourn"]
[EventRounds "9"]
[EventCountry "SWE"]
[EventCategory "2"]
[SourceTitle "CBM 215 Extra"]
[Source "ChessBase"]
[SourceDate "2023.09.30"]
[SourceVersion "1"]
[SourceVersionDate "2023.09.30"]
[SourceQuality "1"]

1. d4 d6 2. e4 Nf6 3. Nc3 g6 4. f4 Bg7 5. Nf3 c5 6. dxc5 Qa5 7. Bd3 Qxc5 8. Qe2 Nc6 9. Be3 Qb4 10. 0-0 Qxb2 11. Nb5 Ng4 12. Nc7+ Kd8 13. Nxa8 Nxe3 14. Qxe3 Qxa1 15. Rxa1 Bxa1 16. Bb5 1-0

[Event "Gothenburg Manhem"]
[Site "Gothenburg"]
[Date "2023.08.06"]
[Round "2"]
[White "Sorensen, Hampus"]
[Black "Berggren Torell, Harald"]
[Result "1-0"]
[WhiteElo "2475"]
[BlackElo "2061"]
[PlyCount "51"]
[EventDate "2023.08.05"]
[EventType "tourn"]
[EventRounds "9"]
[EventCountry "SWE"]
[EventCategory "2"]
[SourceTitle "CBM 215 Extra"]
[Source "ChessBase"]
[SourceDate "2023.09.30"]
[SourceVersion "1"]
[SourceVersionDate "2023.09.30"]
[SourceQuality "1"]

1. e4 d6 2. d4 Nf6 3. Nc3 g6 4. Be3 Bg7 5. Qd2 c6 6. f3 b5 7. h4 h5 8. Nh3 Bxh3 9. Rxh3 Nbd7 10. 0-0-0 Qc7 11. Kb1 0-0 12. Qe1 b4 13. Ne2 c5 14. d5 Rfc8 15. Bc1 Nb6 16. g4 Rab8 17. gxh5 Nxh5 18. f4 Na4 19. f5 Nc3+ 20. Nxc3 bxc3 21. fxg6 Qa5 22. gxf7+ Kf8 23. e5 Bxe5 24. Bc4 Qb4 25. Qe4 Bg7 26. b3 1-0

[Event "Lidkoping op"]
[Site "Lidkoping"]
[Date "2018.08.25"]
[Round "3"]
[White "Andersson, Fredrik1111"]
[Black "Berggren Torell, Harald"]
[Result "1-0"]
[WhiteElo "2284"]
[BlackElo "2120"]
[PlyCount "97"]
[EventDate "2018.08.25"]
[EventType "swiss"]
[EventRounds "7"]
[EventCountry "SWE"]
[SourceTitle "CBM 186 Extra"]
[Source "ChessBase"]
[SourceDate "2018.08.24"]
[SourceVersion "1"]
[SourceVersionDate "2018.08.24"]
[SourceQuality "1"]

1. e4 g6 2. d4 d6 3. Nc3 Bg7 4. f4 Nf6 5. Nf3 0-0 6. Be3 Nbd7 7. Qd2 a6 8. e5 Ng4 9. 0-0-0 b5 10. Bd3 Nb6 11. h3 Nxe3 12. Qxe3 Rb8 13. h4 b4 14. Ne4 Qd7 15. h5 Qa4 16. Kb1 Bf5 17. Ka1 Nd5 18. Qc1 Rfd8 19. hxg6 hxg6 20. Nfg5 Bg4 21. Rde1 b3 22. cxb3 Qxd4 23. Bc4 e6 24. Bxd5 exd5 25. Qxc7 Rf8 26. Qxd6 Rb6 27. Qc5 Qxc5 28. Nxc5 f6 29. Nf3 fxe5 30. fxe5 Rc6 31. b4 a5 32. Nd4 Rcc8 33. Nce6 Rf2 34. Nxg7 Kxg7 35. bxa5 Rxg2 36. Rhg1 Bh3 37. Rxg2 Bxg2 38. b3 Kf7 39. e6+ Ke7 40. Kb2 Be4 41. Rc1 Rh8 42. a6 Bf5 43. b4 Rh4 44. Rd1 Kd6 45. b5 Kc5 46. Nxf5 gxf5 47. Re1 Rh8 48. e7 Re8 49. a7 1-0

[Event "Deltalift op"]
[Site "Tylosand"]
[Date "2017.05.27"]
[Round "7"]
[White "Pantzar, Milton"]
[Black "Berggren Torell, Harald"]
[Result "1-0"]
[WhiteElo "2321"]
[BlackElo "2121"]
[PlyCount "103"]
[EventDate "2017.05.25"]
[EventType "swiss"]
[EventRounds "8"]
[EventCountry "SWE"]
[SourceTitle "CBM 178 Extra"]
[Source "ChessBase"]
[SourceDate "2017.06.22"]
[SourceVersion "1"]
[SourceVersionDate "2017.06.22"]
[SourceQuality "1"]

1. d4 Nf6 2. c4 c5 3. d5 e6 4. Nc3 exd5 5. cxd5 d6 6. e4 g6 7. Nge2 Nbd7 8. Ng3 h5 9. Be2 Nb6 10. 0-0 h4 11. Nh1 Nh5 12. f4 Bg7 13. Be3 Bd7 14. a4 a6 15. a5 Nc8 16. Nf2 Na7 17. Nd3 Ng3 18. Re1 Nxe2+ 19. Qxe2 h3 20. e5 Nb5 21. Nf2 hxg2 22. e6 fxe6 23. dxe6 Bc6 24. Qg4 Qf6 25. Nfe4 Bxe4 26. Nxe4 Qf5 27. Qxg2 0-0-0 28. Ng5 Rde8 29. Rad1 Rh4 30. h3 Nd4 31. b4 Bf6 32. bxc5 dxc5 33. Rc1 Kb8 34. Ne4 Rxh3 35. Nd6 Nf3+ 36. Qxf3 Rxf3 37. Nxf5 gxf5 38. Kg2 Rxe3 39. Rxe3 Bd4 40. Re2 Re7 41. Rh1 Kc7 42. Kg3 Kd6 43. Rh6 c4 44. Kh4 c3 45. Kg5 Kd5 46. Kxf5 b5 47. axb6 Bxb6 48. Rh8 Kc4 49. Kf6 Rc7 50. e7 Bd4+ 51. Kf5 Rxe7 52. Rc8+ 1-0

[Event "Gothenburg Manhem-B"]
[Site "Gothenburg"]
[Date "2015.08.12"]
[Round "7"]
[White "Antonsen, Mikkel"]
[Black "Berggren Torell, Harald"]
[Result "1-0"]
[WhiteElo "2475"]
[BlackElo "2176"]
[PlyCount "65"]
[EventDate "2015.08.08"]
[EventType "tourn"]
[EventRounds "9"]
[EventCountry "SWE"]
[EventCategory "5"]
[SourceTitle "CBM 167 Extra"]
[Source "ChessBase"]
[SourceDate "2015.09.14"]
[SourceVersion "1"]
[SourceVersionDate "2015.09.14"]
[SourceQuality "1"]

1. d4 Nf6 2. Nf3 g6 3. c4 Bg7 4. Nc3 0-0 5. e4 d6 6. h3 e5 7. d5 Nbd7 8. Be3 a5 9. g4 Nc5 10. Nd2 Bd7 11. Be2 Ne8 12. h4 f5 13. g5 f4 14. Bxc5 dxc5 15. Bg4 Nd6 16. Bxd7 Qxd7 17. Qf3 a4 18. a3 Rfb8 19. 0-0-0 Ra5 20. Qd3 Bf8 21. Kb1 b5 22. cxb5 c4 23. Nxc4 Raxb5 24. Rd2 Rb3 25. Ka2 Rxc3 26. bxc3 Rb3 27. Rb1 Nxc4 28. Qxc4 Rxa3+ 29. Kb2 Bd6 30. Kc2 Qg4 31. Rb8+ Kg7 32. Rb7 Qc8 33. Ra7 1-0

[Event "Gothenburg Manhem-B"]
[Site "Gothenburg"]
[Date "2015.08.09"]
[Round "2"]
[White "Berggren Torell, Harald"]
[Black "Braun, Christian1111"]
[Result "1/2-1/2"]
[WhiteElo "2176"]
[BlackElo "2420"]
[PlyCount "62"]
[EventDate "2015.08.08"]
[EventType "tourn"]
[EventRounds "9"]
[EventCountry "SWE"]
[EventCategory "5"]
[SourceTitle "CBM 167 Extra"]
[Source "ChessBase"]
[SourceDate "2015.09.14"]
[SourceVersion "1"]
[SourceVersionDate "2015.09.14"]
[SourceQuality "1"]

1. e4 e6 2. d4 b6 3. Nc3 Bb7 4. Bd3 Bb4 5. Nge2 Nf6 6. 0-0 d5 7. e5 Nfd7 8. Ng3 h5 9. a3 Bf8 10. f4 g6 11. f5 gxf5 12. Nxf5 exf5 13. Qf3 Bh6 14. Qxf5 Qe7 15. Nb5 Na6 16. e6 Qxe6 17. Bxh6 Qxf5 18. Bxf5 Rxh6 19. Rae1+ Kd8 20. Bxd7 Kxd7 21. Rxf7+ Kc6 22. a4 Bc8 23. Ree7 Kb7 24. Nxc7 Nxc7 25. Rxc7+ Kb8 26. b4 h4 27. b5 a6 28. Rxc8+ Kxc8 29. Rf8+ Kb7 30. Rf7+ Kb8 31. Rf8+ Kb7 1/2-1/2

[Event "SWE-chT 1415 Superettan"]
[Site "Sweden"]
[Date "2015.03.20"]
[Round "7"]
[White "Glimbrant, Torbjorn"]
[Black "Berggren Torell, Harald"]
[Result "0-1"]
[WhiteElo "2254"]
[BlackElo "2189"]
[PlyCount "96"]
[EventDate "2014.11.21"]
[EventType "team-tourn"]
[EventRounds "9"]
[EventCountry "SWE"]
[SourceTitle "EXT 2018"]
[Source "ChessBase"]
[SourceDate "2017.10.13"]
[SourceVersion "1"]
[SourceVersionDate "2017.10.13"]
[SourceQuality "1"]
[WhiteTeam "Upsala"]
[BlackTeam "Manhem"]
[WhiteTeamCountry "SWE"]
[BlackTeamCountry "SWE"]

1. d4 d6 2. g3 g6 3. Bg2 Bg7 4. e4 Nf6 5. c4 c5 6. d5 Qa5+ 7. Nc3 0-0 8. Nge2 b5 9. cxb5 a6 10. bxa6 Bxa6 11. 0-0 Ng4 12. Bd2 Ne5 13. b3 Nbd7 14. a4 Qb6 15. Rb1 Bd3 16. Rb2 Rfb8 17. Bf4 Bc4 18. Nc1 Bxf1 19. Bxf1 c4 20. Rb1 cxb3 21. Nxb3 Rc8 22. Be3 Qb4 23. Nb5 Qxe4 24. Bg2 Qxa4 25. N5d4 Nc5 26. Nxc5 Qxd1+ 27. Rxd1 dxc5 28. Nc6 Nxc6 29. dxc6 Bd4 30. Bxd4 cxd4 31. h4 e5 32. f4 f6 33. g4 Ra3 34. g5 Kf7 35. Rb1 Rc7 36. gxf6 Kxf6 37. fxe5+ Kxe5 38. Re1+ Re3 39. Rb1 d3 40. Rb5+ Kd4 41. Kh2 Re2 42. Rb4+ Ke3 43. Re4+ Kd2 44. Rc4 Rxg2+ 45. Kxg2 Ke3 46. Rc5 Kd4 47. Ra5 d2 48. Ra8 Kd3 0-1

[Event "Gothenburg Manhem-B"]
[Site "Gothenburg"]
[Date "2013.08.15"]
[Round "8"]
[White "Berggren Torell, Harald"]
[Black "Westerberg, Jonathan"]
[Result "0-1"]
[WhiteElo "2114"]
[BlackElo "2413"]
[PlyCount "96"]
[EventDate "2013.08.10"]
[EventType "tourn"]
[EventRounds "9"]
[EventCountry "SWE"]
[EventCategory "3"]
[SourceTitle "CBM 155 Extra"]
[Source "ChessBase"]
[SourceDate "2013.08.26"]
[SourceVersion "1"]
[SourceVersionDate "2013.08.26"]
[SourceQuality "1"]

1. e4 c5 2. Nf3 Nc6 3. Nc3 a6 4. d4 cxd4 5. Nxd4 e6 6. Be2 Qc7 7. Be3 Nf6 8. a3 b5 9. Nxc6 dxc6 10. f4 e5 11. 0-0 Bd6 12. f5 Bb7 13. Bf3 c5 14. Bg5 c4 15. Bxf6 gxf6 16. Nd5 Bxd5 17. exd5 Ke7 18. c3 Rab8 19. Qe2 h5 20. Qe4 h4 21. h3 Rb6 22. Rfd1 Qc5+ 23. Kh1 Qf2 24. Be2 Rg8 25. Rf1 Qc5 26. Rf4 Rg3 27. Bf3 Qf2 28. Rb1 Rxg2 29. Bxg2 Qxf4 30. Qxf4 exf4 31. Re1+ Be5 32. Be4 a5 33. Kg2 Rb8 34. Kf2 Kd6 35. Bf3 Kc5 36. Re4 Rd8 37. a4 Rxd5 38. axb5 Kxb5 39. Be2 Rd2 40. Kf3 Rxb2 41. Bxc4+ Kb6 42. Bxf7 Rh2 43. Kg4 Rg2+ 44. Kxh4 f3 45. Rxe5 fxe5 46. Bd5 Kc5 47. f6 Rg6 48. f7 Rf6 0-1

[Event "Gothenburg Manhem-B"]
[Site "Gothenburg"]
[Date "2013.08.14"]
[Round "6"]
[White "Berggren Torell, Harald"]
[Black "Johansson, Linus"]
[Result "0-1"]
[WhiteElo "2114"]
[BlackElo "2345"]
[PlyCount "60"]
[EventDate "2013.08.10"]
[EventType "tourn"]
[EventRounds "9"]
[EventCountry "SWE"]
[EventCategory "3"]
[SourceTitle "CBM 155 Extra"]
[Source "ChessBase"]
[SourceDate "2013.08.26"]
[SourceVersion "1"]
[SourceVersionDate "2013.08.26"]
[SourceQuality "1"]

1. e4 e6 2. d4 d5 3. Nd2 Nf6 4. e5 Nfd7 5. Bd3 c5 6. c3 Nc6 7. Ne2 cxd4 8. cxd4 f6 9. exf6 Nxf6 10. 0-0 Bd6 11. Nf3 0-0 12. Bf4 Bxf4 13. Nxf4 Ne4 14. Ne2 Rxf3 15. gxf3 Ng5 16. f4 Nh3+ 17. Kh1 Qh4 18. Qd2 Nxf2+ 19. Kg2 Nxd3 20. Qxd3 Bd7 21. Rac1 Rf8 22. Qh3 Qf6 23. Qe3 Be8 24. Rc5 Bh5 25. Ng3 Bg6 26. f5 exf5 27. Qb3 f4 28. Kh1 Qe6 29. Rxd5 fxg3 30. Rd8 Nxd8 0-1

[Event "Gothenburg Manhem-B"]
[Site "Gothenburg"]
[Date "2013.08.14"]
[Round "7"]
[White "Rydstrom, Tom"]
[Black "Berggren Torell, Harald"]
[Result "0-1"]
[WhiteElo "2185"]
[BlackElo "2114"]
[PlyCount "98"]
[EventDate "2013.08.10"]
[EventType "tourn"]
[EventRounds "9"]
[EventCountry "SWE"]
[EventCategory "3"]
[SourceTitle "CBM 155 Extra"]
[Source "ChessBase"]
[SourceDate "2013.08.26"]
[SourceVersion "1"]
[SourceVersionDate "2013.08.26"]
[SourceQuality "1"]

1. e4 d6 2. d4 Nf6 3. Nc3 c6 4. f3 Nbd7 5. Be3 g6 6. Qd2 b5 7. d5 b4 8. dxc6 bxc3 9. cxd7+ Bxd7 10. Qxc3 Bg7 11. Qd2 0-0 12. Bd3 Qb8 13. c3 d5 14. Bf4 e5 15. Bg5 dxe4 16. fxe4 Rd8 17. Qc2 Bc6 18. Nf3 Rxd3 19. Qxd3 Qxb2 20. 0-0 Nxe4 21. Bd2 Qb6+ 22. Be3 Qa5 23. Rfc1 f5 24. Qc4+ Bd5 25. Qb4 Qc7 26. c4 Bc6 27. c5 f4 28. Bd2 Nxd2 29. Nxd2 Rd8 30. Rab1 Rd4 31. Qb8+ Qxb8 32. Rxb8+ Kf7 33. Nb3 Ra4 34. Rc8 Ra6 35. Rd1 Bf8 36. Rc7+ Ke6 37. Re1 Kf6 38. Rxh7 Rxa2 39. Rc7 Bd5 40. Nc1 Rxg2+ 41. Kf1 f3 42. Re3 Bc4+ 43. Nd3 e4 44. Rc6+ Kg5 45. h4+ Kh6 46. Rc8 Bg7 47. c6 Bd4 48. c7 Bxe3 49. Rh8+ Kg7 0-1

[Event "Gothenburg Manhem-B"]
[Site "Gothenburg"]
[Date "2013.08.12"]
[Round "4"]
[White "Carstensen, Jacob"]
[Black "Berggren Torell, Harald"]
[Result "1-0"]
[WhiteElo "2379"]
[BlackElo "2114"]
[PlyCount "49"]
[EventDate "2013.08.10"]
[EventType "tourn"]
[EventRounds "9"]
[EventCountry "SWE"]
[EventCategory "3"]
[SourceTitle "CBM 155 Extra"]
[Source "ChessBase"]
[SourceDate "2013.08.26"]
[SourceVersion "1"]
[SourceVersionDate "2013.08.26"]
[SourceQuality "1"]

1. d4 d6 2. e4 Nf6 3. f3 c5 4. dxc5 Qa5+ 5. Nc3 Qxc5 6. Qd3 a6 7. Be3 Qa5 8. Qd2 Nbd7 9. Nge2 g6 10. 0-0-0 b5 11. Kb1 Bb7 12. Nd4 Bg7 13. Bh6 Bxh6 14. Qxh6 Rc8 15. Bd3 Ne5 16. Rhe1 Rc7 17. h3 e6 18. Qg7 Ke7 19. Qxh8 Rc8 20. Qg7 Rg8 21. Qh6 g5 22. Nf5+ exf5 23. exf5 Qb4 24. Be4 Bxe4 25. Nxe4 1-0

[Event "SWE-ch U20"]
[Site "Oerebro"]
[Date "2013.07.13"]
[Round "8"]
[White "Berggren Torell, Harald"]
[Black "Arvidsson, Rasmus"]
[Result "1-0"]
[WhiteElo "2100"]
[BlackElo "1870"]
[PlyCount "129"]
[EventDate "2013.07.06"]
[EventType "tourn"]
[EventRounds "9"]
[EventCountry "SWE"]
[SourceTitle "EXT 2014"]
[Source "ChessBase"]
[SourceDate "2013.11.20"]
[SourceVersion "1"]
[SourceVersionDate "2013.11.20"]
[SourceQuality "1"]

1. g3 d5 2. d3 Nf6 3. f4 Nc6 4. Nf3 Bg4 5. Nbd2 Qd7 6. h3 Bxf3 7. Nxf3 0-0-0 8. Bg2 e6 9. 0-0 h5 10. c3 Bc5+ 11. Kh2 e5 12. fxe5 Ng4+ 13. hxg4 hxg4+ 14. Nh4 Qe7 15. d4 g5 16. Qd3 gxh4 17. Qf5+ Kb8 18. Bg5 hxg3+ 19. Kxg3 Qf8 20. Qxf7 Be7 21. Qxf8 Rhxf8 22. Rxf8 Rxf8 23. Bxe7 Nxe7 24. Rf1 Nf5+ 25. Kh2 Rh8+ 26. Kg1 Ne3 27. Rf7 Kc8 28. Kf2 Nxg2 29. Kxg2 Rh6 30. Rf6 Rh3 31. Rg6 Re3 32. Kf2 Re4 33. e3 Kd7 34. Rg7+ Kc6 35. b3 Kb6 36. Ke2 c6 37. Kf2 Ka6 38. Ke2 b5 39. Rf7 g3 40. Rg7 Rh4 41. Rxg3 Rh6 42. Kf3 Kb6 43. Kf4 Rh7 44. Kf5 a5 45. Kf6 c5 46. e6 Kc6 47. dxc5 Rh2 48. a4 bxa4 49. bxa4 Rf2+ 50. Kg7 Kc7 51. Rg5 Rf3 52. Re5 Kd8 53. c6 Rg3+ 54. Kf6 Rf3+ 55. Kg5 Ke7 56. c7 Rg3+ 57. Kf5 Rf3+ 58. Kg4 Rf8 59. Rxd5 Rc8 60. Kf5 Rf8+ 61. Ke5 Ra8 62. Rd7+ Ke8 63. Rd8+ Ke7 64. Rb8 Rxb8 65. cxb8N 1-0

[Event "SWE-ch U20"]
[Site "Oerebro"]
[Date "2013.07.09"]
[Round "4"]
[White "Bengtsson, Jessica"]
[Black "Berggren Torell, Harald"]
[Result "1/2-1/2"]
[WhiteElo "1917"]
[BlackElo "2100"]
[PlyCount "66"]
[EventDate "2013.07.06"]
[EventType "tourn"]
[EventRounds "9"]
[EventCountry "SWE"]
[SourceTitle "EXT 2014"]
[Source "ChessBase"]
[SourceDate "2013.11.20"]
[SourceVersion "1"]
[SourceVersionDate "2013.11.20"]
[SourceQuality "1"]

1. e4 d6 2. d4 Nf6 3. Nc3 g6 4. Be3 Bg7 5. h3 0-0 6. Nf3 a6 7. Bd3 Nc6 8. 0-0 e5 9. dxe5 Nxe5 10. Nxe5 dxe5 11. Qe2 Be6 12. Bc5 Re8 13. Rad1 Nh5 14. Qf3 Qf6 15. Qxf6 Bxf6 16. Ne2 Nf4 17. Nxf4 exf4 18. b3 b6 19. Ba3 f3 20. Bc1 b5 21. Rfe1 fxg2 22. Kxg2 Bc3 23. Bd2 Bxd2 24. Rxd2 Rad8 25. Red1 Rd4 26. c3 Rd6 27. Be2 Rc6 28. Rd8 Kf8 29. Rxe8+ Kxe8 30. Rd3 b4 31. c4 g5 32. Bg4 Ke7 33. Kg3 Kf6 1/2-1/2